| 000 | 00417pab a2200157 454500 | ||
|---|---|---|---|
| 008 | 180718b2001 xxu||||| |||| 00| 0 eng d | ||
| 100 | _aModi, J.K. | ||
| 245 | _aCrimes involving firearms - a few points for autopsy surgeons | ||
| 260 | _c2001 | ||
| 300 | _ap.223-34 | ||
| 362 | _aJan-Dec | ||
| 650 | _aCrime | ||
| 700 | _aNigam, C. | ||
| 773 | _aIndian Journal of Criminology and Criminalistics | ||
| 909 | _a50851 | ||
| 999 |
_c50851 _d50851 |
||